| LEADER 01174nam 2200277 a 4500 |
| 001 12334109409 |
| 003 ULIB |
| 008 030417s2551 th a sb 001 0 tha |
| 020 ^a978-974-672-300-8
|
| 060 4 ^aWP470^bช532ก 2551
|
| 100 0 ^aชำนาญ เกียรติพีรกุล
|
| 245 10 ^aการตัดปากมดลูกด้วยห่วงไฟฟ้า /^cชำนาญ เกียรติพีรกุล
|
| 250 ^aพิมพ์ครั้งที่ 1
|
| 260 ^aกรุงเทพฯ :^bโครงการตำราคณะแพทยศาสตร์ มหาวิทยาลัยเชียงใหม่, ^c2551
|
| 300 ^a92 หน้า
|
| 650 7 ^aคอมดลูก^xศัลยกรรม
|
| 650 0 ^a ปากมดลูก^xศัลยกรรม
|
| 650 0 ^aคอมดลูก, เนื้องอก^xศัลยกรรม
|
| 650 0 ^aศัลยกรรมไฟฟ้า
|
| 710 2 ^aมหาวิทยาลัยเชียงใหม่.^bคณะแพทยศาสตร์
|
| 913 ^aImported by ULIBM Administrator
|
| 949 ^aImport form external file by ULIBM system
|
| 999 ^aอรทัย
|